00293nam a2200121Ia 4500100002800000490000600028366000700034654002400041245003800065260003700103300000800140546002300148 aKhan/Md.N/ Panigrahi/S  v2 f25 aengineering physics aPrinciples of Engineering Physics bCambridge University Pressc2016 a492 aENGLISHcComputers